000 00605nam a2200205Ia 4500
003 IN-BaIIA
008 211028s9999 xx 000 0 eng d
020 _a0-13-317439-5
040 _cIIA Library
080 _a519.6
_bPOT
100 _aPotts, J. Frank
_920482
245 0 _aFinite element applications with microcomputers
_cJ. Walter Oler and J. Frank Potts
260 _aNew Jersey
_bPrentice-Hall
_c1989
300 _ax, 307p.
650 _aFinite element method
_920263
650 _aFinite elements
_917065
650 _aMicrocomputers
_99969
700 _aOler, J. Walter
_920483
942 _cBK
999 _c11801
_d11801